[Event "XXIV Weekend B"]
[Site "Robecchetto con Induno ITA"]
[Date "2013.12.28"]
[Round "3"]
[White "Pivari, Flavio"]
[Black "Loaldi, Davide"]
[WhiteElo "1464"]
[BlackElo "1551"]
[Result "0-1"]
[PlyCount "82"]
[EventDate "2013.??.??"]

1. e4 c5 2. Nf3 d6 3. h3 a6 4. d4 cxd4 5. Nxd4 Nf6 6. Nc3 b5 7. Qf3 Bb7 8. Bd3
Nbd7 9. O-O e6 10. Bg5 Be7 11. Qe2 h6 12. Bxf6 Bxf6 13. e5 Bxe5 14. Nxe6 fxe6
15. Qh5+ Kf8 16. Ne4 Qe8 17. Qf3+ Qf7 18. Qg4 Bxe4 19. Bxe4 Nf6 20. Qe2 Nxe4
21. Qxe4 Rc8 22. c3 Qf4 23. Qxf4+ Bxf4 24. Rae1 Ke7 25. g3 Bg5 26. Kg2 Rhf8 27.
f4 Bf6 28. g4 g6 29. Rf3 Kd7 30. b3 Rxc3 31. Rxc3 Bxc3 32. Rf1 e5 33. Rf3 Bd2
34. fxe5 Rxf3 35. Kxf3 dxe5 36. Kf2 Kd6 37. Ke2 Bf4 38. Kf3 Kc5 39. h4 g5 40.
hxg5 hxg5 41. Kg2 Kd4 0-1

[Event "XXIV Weekend B"]
[Site "Robecchetto con Induno ITA"]
[Date "2013.12.28"]
[Round "3"]
[White "Rossi, Enrico"]
[Black "Posapiano, Giacomo"]
[WhiteElo "1373"]
[BlackElo "1598"]
[Result "0-1"]
[PlyCount "78"]
[EventDate "2013.??.??"]

1. d4 Nf6 2. c4 g6 3. Nc3 Bg7 4. e4 d6 5. Nf3 O-O 6. g3 c5 7. d5 Qa5 8. Bd2 Qb6
9. Qc2 Bg4 10. Bg2 Nbd7 11. O-O Bxf3 12. Bxf3 Ne5 13. Be2 Qc7 14. f4 Ned7 15.
f5 Ne5 16. Qc1 a6 17. b3 Qd7 18. Rb1 Rab8 19. Na4 b5 20. Nc3 b4 21. Nd1 Nxe4
22. Bh6 gxf5 23. Bh5 e6 24. Qf4 Ng6 25. Bxg6 fxg6 26. dxe6 Qxe6 27. Rc1 Qf6 28.
Bxg7 Kxg7 29. Kg2 Rbe8 30. Rc2 Re6 31. Re2 Qd4 32. Rfe1 Ref6 33. Qf3 a5 34. Re3
Qd2+ 35. R3e2 Qg5 36. Nf2 Nc3 37. Re7+ R6f7 38. Qc6 Rxe7 39. Rxe7+ Qxe7 0-1

[Event "XXIV Weekend B"]
[Site "Robecchetto con Induno ITA"]
[Date "2013.12.28"]
[Round "3"]
[White "Sacchi, Luca"]
[Black "Repossi, Luca"]
[WhiteElo "1332"]
[BlackElo "1595"]
[Result "1/2-1/2"]
[PlyCount "121"]
[EventDate "2013.??.??"]

1. e4 e5 2. Nf3 Nc6 3. Bc4 h6 4. c3 Nf6 5. d3 Bc5 6. Nbd2 O-O 7. Nf1 Na5 8. Bb5
c6 9. Ba4 Qb6 10. Qe2 d6 11. b4 Bxb4 12. cxb4 Qxb4+ 13. Bd2 Qxa4 14. Ng3 Bg4
15. O-O Nb3 16. axb3 Qxb3 17. h3 Bxf3 18. gxf3 Rfe8 19. Rfb1 Qe6 20. Rxb7 Qxh3
21. Qf1 Qh4 22. Rbxa7 Rxa7 23. Rxa7 d5 24. Qg2 Rb8 25. Ra1 g6 26. Qh2 Qxh2+ 27.
Kxh2 Rb3 28. exd5 cxd5 29. Bxh6 Rxd3 30. Kg2 d4 31. Ra8+ Kh7 32. Bg5 Nh5 33.
Nxh5 gxh5 34. Bf6 Rb3 35. Bxe5 d3 36. Rd8 Kg6 37. Bf4 f5 38. Bd2 h4 39. Rd4 Kh5
40. Rd5 Kg6 41. Kh3 Kf6 42. Kxh4 Ke6 43. Rd8 Ke5 44. Kg5 Ra3 45. f4+ Ke4 46.
Re8+ Kf3 47. Kxf5 Kxf2 48. Kg5 Ra2 49. Bc3 Rc2 50. Bb4 Rc4 51. Be1+ Kf3 52. f5
Rg4+ 53. Kf6 Rd4 54. Re7 Rg4 55. Rg7 Rc4 56. Rg3+ Ke2 57. Ba5 Ra4 58. Rg2+ Kf3
59. Rd2 Ke3 60. Bc3 Rc4 61. Ba5 1/2-1/2

[Event "XXIV Weekend B"]
[Site "Robecchetto con Induno ITA"]
[Date "2013.12.28"]
[Round "3"]
[White "Santarelli, Sabatino"]
[Black "Macchiettini, Pierangelo"]
[WhiteElo "1641"]
[BlackElo "1697"]
[Result "1/2-1/2"]
[PlyCount "102"]
[EventDate "2013.??.??"]

1. e4 c5 2. Nf3 d6 3. c3 Nf6 4. d3 Nbd7 5. Be2 e6 6. Bg5 Be7 7. h3 h6 8. Bf4 a6
9. Nbd2 b5 10. O-O Bb7 11. e5 dxe5 12. Nxe5 Nxe5 13. Bxe5 Nd7 14. Bg3 Nf6 15.
Bf3 Bxf3 16. Qxf3 Qd5 17. Qxd5 Nxd5 18. Ne4 Rd8 19. Rad1 O-O 20. Rfe1 Nb6 21.
Bc7 Na4 22. Bxd8 Rxd8 23. Re2 f5 24. Ng3 Kf7 25. Nf1 g6 26. Nh2 Bf6 27. a3 Nb6
28. Nf3 Rd5 29. g3 Nd7 30. Kg2 e5 31. Red2 Ke6 32. h4 g5 33. hxg5 hxg5 34. c4
bxc4 35. dxc4 Rxd2 36. Nxd2 e4 37. b3 Bb2 38. a4 Bc3 39. Nf1 Bd4 40. Ne3 f4 41.
gxf4 gxf4 42. Nd5 Kf5 43. Rh1 Kg4 44. Rh6 Ne5 45. Rxa6 Nd3 46. Nf6+ Kf5 47. Nd5
f3+ 48. Kf1 Nxf2 49. Ra8 Ng4 50. Rf8+ Kg5 51. Rg8+ Kf5 1/2-1/2

[Event "XXIV Weekend B"]
[Site "Robecchetto con Induno ITA"]
[Date "2013.12.28"]
[Round "3"]
[White "Volpe, Antonio"]
[Black "Folcini, Gaddo"]
[WhiteElo "1683"]
[BlackElo "1579"]
[Result "0-1"]
[PlyCount "54"]
[EventDate "2013.??.??"]

1. e4 e5 2. f4 d6 3. Nf3 Bg4 4. Bc4 Bxf3 5. Qxf3 exf4 6. O-O Nf6 7. Qb3 d5 8.
exd5 Bc5+ 9. Kh1 O-O 10. Qxb7 Ng4 11. d4 Bxd4 12. h3 Qh4 13. d6 Nf2+ 14. Rxf2
Qxf2 15. Be3 Qe1+ 16. Kh2 Bxe3 17. Nc3 Qxa1 18. Ne2 Nd7 19. dxc7 Ne5 20. Bd5
Rac8 21. Be4 Bb6 22. Bf5 Rxc7 23. Qe4 Ng6 24. Nxf4 Nxf4 25. Qxf4 Rb7 26. Qh4
Qg1+ 27. Kg3 Bf2+ 0-1

[Event "C.to Italiano ASCI"]
[Site "Senigallia ITA"]
[Date "2013.07.27"]
[Round "1"]
[White "Badano, Giancarlo"]
[Black "Zavan, Fabrizio"]
[WhiteElo "1935"]
[BlackElo "1515"]
[Result "1-0"]
[PlyCount "37"]
[EventDate "2013.07.27"]

1. e4 c6 2. d4 d5 3. exd5 cxd5 4. Bd3 Nf6 5. c3 e6 6. Bf4 Bd6 7. Bxd6 Qxd6 8.
Nf3 Nbd7 9. O-O O-O 10. Re1 b6 11. Nbd2 Bb7 12. Ne5 Qe7 13. Ndf3 Nxe5 14. Nxe5
Nd7 15. Qh5 h6 16. Nxd7 Qxd7 17. Re3 Qe7 18. Rg3 a5 19. Qxh6 1-0

[Event "C.to Italiano ASCI"]
[Site "Senigallia ITA"]
[Date "2013.07.27"]
[Round "1"]
[White "Brunetti, Emilio"]
[Black "Pugliese, Giuseppe"]
[WhiteElo "1401"]
[BlackElo "1757"]
[Result "0-1"]
[PlyCount "34"]
[EventDate "2013.07.27"]

1. e4 c5 2. Nf3 Nc6 3. Nc3 e6 4. d4 cxd4 5. Nxd4 a6 6. a3 Qc7 7. Be3 Nf6 8. h3
Be7 9. Nxc6 bxc6 10. Bd3 O-O 11. O-O d5 12. exd5 cxd5 13. Bg5 Bb7 14. Ne2 Ne4
15. Bxe7 Qxe7 16. f3 Qc5+ 17. Kh1 Nf2+ 0-1

[Event "C.to Italiano ASCI"]
[Site "Senigallia ITA"]
[Date "2013.07.27"]
[Round "1"]
[White "Murgia, Stefano"]
[Black "Gamba, Annamaria"]
[WhiteElo "1729"]
[BlackElo "1386"]
[Result "1-0"]
[PlyCount "55"]
[EventDate "2013.07.27"]

1. e4 e5 2. d4 Nc6 3. Nf3 exd4 4. Bc4 Nf6 5. O-O Nxe4 6. Re1 d5 7. Bb5 Bd6 8.
Bg5 Be7 9. Bxe7 Qxe7 10. Qxd4 Be6 11. Ne5 O-O 12. Nxc6 bxc6 13. Bxc6 Rac8 14.
Bxd5 Rcd8 15. Rxe4 Rxd5 16. Qxd5 Rd8 17. Qh5 g6 18. Qe2 Rd5 19. Nc3 Rg5 20. Rd1
Qf6 21. Qe3 Qf5 22. Rxe6 fxe6 23. Rd8+ Kf7 24. Rd7+ Ke8 25. Rxc7 Qg4 26. g3 Qh3
27. Qxa7 Qf5 28. Qb8# 1-0

[Event "C.to Italiano ASCI"]
[Site "Senigallia ITA"]
[Date "2013.07.27"]
[Round "1"]
[White "Peroni, Silvia"]
[Black "Vrioni, Bersan"]
[WhiteElo "1434"]
[BlackElo "1848"]
[Result "0-1"]
[PlyCount "66"]
[EventDate "2013.07.27"]

1. e4 e5 2. Nf3 Nf6 3. d3 Nc6 4. Bg5 Be7 5. Be2 O-O 6. O-O h6 7. Bh4 Nh7 8. c4
Bxh4 9. Qd2 Be7 10. Nc3 Ng5 11. Nd5 Nxf3+ 12. Bxf3 Bg5 13. Qc3 d6 14. c5 Nd4
15. Bd1 c6 16. Nb4 d5 17. exd5 cxd5 18. Re1 Bf6 19. h3 e4 20. dxe4 Ne2+ 21.
Bxe2 Bxc3 22. bxc3 dxe4 23. Rad1 Qg5 24. Bg4 Bxg4 25. hxg4 Qxg4 26. Nd5 Rae8
27. Ne3 Qg6 28. Rd7 f5 29. Rxb7 f4 30. g4 fxe3 31. Rxe3 Qxg4+ 32. Kf1 Rd8 33.
Ke1 Rd1# 0-1

[Event "C.to Italiano ASCI"]
[Site "Senigallia ITA"]
[Date "2013.07.28"]
[Round "2"]
[White "Poli, Diego"]
[Black "Gasperoni, Claudio"]
[WhiteElo "1722"]
[BlackElo "1856"]
[Result "0-1"]
[PlyCount "69"]
[EventDate "2013.07.27"]

1. e4 e5 2. Nf3 Nc6 3. Bc4 Bc5 4. c3 Nf6 5. d3 h6 6. h3 d6 7. b4 Bb6 8. Bb2 O-O
9. g4 Nh7 10. Nbd2 Be6 11. Qb3 Qf6 12. O-O-O a5 13. a3 axb4 14. axb4 Bxc4 15.
Qxc4 Ng5 16. Nxg5 Qxg5 17. f3 Be3 18. Kc2 Bxd2 19. Rxd2 Qf4 20. Rf2 Ra4 21. Bc1
Qg3 22. Rhh2 Rfa8 23. Bb2 Ra2 24. Rhg2 Qf4 25. h4 g6 26. Kb1 Qe3 27. Re2 Qf4
28. Ref2 Kg7 29. d4 R2a4 30. d5 Na7 31. Qxc7 Nb5 32. Qc4 Ra1+ 33. Kc2 Na3+ 34.
Bxa3 R8xa3 35. Kb2 0-1

[Event "C.to Italiano ASCI"]
[Site "Senigallia ITA"]
[Date "2013.07.28"]
[Round "2"]
[White "Pugliese, Giuseppe"]
[Black "Badano, Giancarlo"]
[WhiteElo "1757"]
[BlackElo "1935"]
[Result "0-1"]
[PlyCount "108"]
[EventDate "2013.07.27"]

1. e4 e6 2. d4 d5 3. exd5 exd5 4. Nf3 Bd6 5. Be3 Bf5 6. Bd3 Bxd3 7. Qxd3 c6 8.
Nbd2 Nf6 9. h3 Nbd7 10. O-O O-O 11. c4 Rc8 12. c5 Bb8 13. b4 Re8 14. Bg5 Qc7
15. Bh4 Ne4 16. Rfe1 Qf4 17. Re3 Nxd2 18. Qxd2 Rxe3 19. Qxe3 Qxe3 20. fxe3 Re8
21. Re1 h6 22. Kf2 g5 23. Bg3 Nf6 24. Bxb8 Ne4+ 25. Ke2 Rxb8 26. Kd3 Kg7 27.
Rf1 h5 28. Ne5 f6 29. Nf3 Kg6 30. Nd2 Nxd2 31. Kxd2 f5 32. g3 Re8 33. h4 Re4
34. hxg5 Kxg5 35. Ke2 Kg4 36. Kf2 Re8 37. Rh1 Ra8 38. Rb1 b5 39. cxb6 axb6 40.
Rb2 Ra4 41. Kg2 b5 42. Kf2 Ra3 43. Rc2 Ra6 44. Kg2 Ra8 45. Kf2 Ra3 46. Re2 Rc3
47. Kg2 Rc1 48. Rf2 Rb1 49. Rc2 Rxb4 50. Rxc6 Rb2+ 51. Kf1 Kxg3 52. Rc5 Kf3 53.
Kg1 Ke4 54. Rxb5 Rxb5 0-1

[Event "C.to Italiano ASCI"]
[Site "Senigallia ITA"]
[Date "2013.07.28"]
[Round "2"]
[White "Vrioni, Bersan"]
[Black "Murgia, Stefano"]
[WhiteElo "1848"]
[BlackElo "1729"]
[Result "1-0"]
[PlyCount "61"]
[EventDate "2013.07.27"]

1. a4 e5 2. e4 Nf6 3. d3 Nc6 4. Nf3 Be7 5. Nc3 d6 6. Be2 Be6 7. O-O h6 8. Re1
O-O 9. d4 exd4 10. Nxd4 Nxd4 11. Qxd4 Qd7 12. Bf4 a6 13. Rad1 Rad8 14. h3 Nh7
15. Nd5 Bg5 16. Bg3 c5 17. Qc4 Kh8 18. f4 Bxd5 19. Rxd5 Be7 20. e5 f5 21. Red1
Rfe8 22. exd6 Bf8 23. Bd3 g6 24. Be1 Nf6 25. Bc3 Bg7 26. Rxc5 Qxd6 27. Rc7 Rd7
28. Rc8 Rdd8 29. Rxd8 Qxd8 30. Qf7 Re7 31. Qxg6 1-0

[Event "C.to Italiano ASCI"]
[Site "Senigallia ITA"]
[Date "2013.07.28"]
[Round "2"]
[White "Zavan, Fabrizio"]
[Black "Battaglia, Gabriele"]
[WhiteElo "1515"]
[BlackElo "1293"]
[Result "1-0"]
[PlyCount "39"]
[EventDate "2013.07.27"]

1. e4 d6 2. d4 Nf6 3. Nc3 g6 4. f4 Bg7 5. Nf3 Bg4 6. Be2 O-O 7. O-O Nbd7 8. Be3
c5 9. h3 Bxf3 10. Bxf3 Rc8 11. Qd2 Ne8 12. Rad1 cxd4 13. Bxd4 e5 14. fxe5 dxe5
15. Bxa7 b6 16. Qxd7 Nf6 17. Qxd8 Rfxd8 18. Bxb6 Re8 19. Be3 Nd7 20. Rxd7 1-0

[Event "C.to Italiano ASCI"]
[Site "Senigallia ITA"]
[Date "2013.07.29"]
[Round "3"]
[White "Badano, Giancarlo"]
[Black "Vrioni, Bersan"]
[WhiteElo "1935"]
[BlackElo "1848"]
[Result "0-1"]
[PlyCount "114"]
[EventDate "2013.07.27"]

1. e4 e6 2. d4 d5 3. Nc3 dxe4 4. Nxe4 Nd7 5. Bd3 Ngf6 6. Nf3 Nxe4 7. Bxe4 Nf6
8. Bg5 Be7 9. Bd3 O-O 10. Qe2 Nd5 11. h4 f6 12. Bd2 Bd6 13. O-O-O Nf4 14. Bxf4
Bxf4+ 15. Kb1 g6 16. h5 g5 17. c4 c6 18. g3 Bc7 19. h6 Qe7 20. c5 Bd7 21. Bc4
Rae8 22. Rde1 Kh8 23. Qd3 Qf7 24. Qc3 b6 25. Nd2 bxc5 26. dxc5 Qe7 27. Bd3 Be5
28. Rxe5 fxe5 29. Qxe5+ Qf6 30. Qxf6+ Rxf6 31. Ne4 Rf3 32. Be2 Rff8 33. Rd1 Re7
34. f3 Rf5 35. Rd4 Kg8 36. g4 Rf4 37. Rb4 Be8 38. Rb8 Rf8 39. Kc1 Bg6 40. Rxf8+
Kxf8 41. Nxg5 e5 42. Kd2 Rb7 43. Kc3 Ke7 44. Ba6 Rd7 45. Bc8 Rc7 46. Ba6 Rd7
47. Be2 Kf6 48. Nh3 Bb1 49. a3 Kg6 50. b4 Kxh6 51. a4 Ba2 52. b5 Rd5 53. Kb4
Rd4+ 54. Ka5 Bb3 55. bxc6 Rxa4+ 56. Kb5 Ra2 57. c7 Ba4+ 0-1

[Event "C.to Italiano ASCI"]
[Site "Senigallia ITA"]
[Date "2013.07.29"]
[Round "3"]
[White "Gasperoni, Claudio"]
[Black "Pugliese, Giuseppe"]
[WhiteElo "1856"]
[BlackElo "1757"]
[Result "1/2-1/2"]
[PlyCount "37"]
[EventDate "2013.07.27"]

1. d4 Nf6 2. Nf3 d5 3. c4 e6 4. Nc3 Be7 5. cxd5 exd5 6. Bg5 c6 7. Qc2 Nbd7 8.
e3 h6 9. Bh4 Nh5 10. Bxe7 Qxe7 11. Bd3 Nf4 12. Bf1 O-O 13. Ne2 Nxe2 14. Bxe2 f5
15. O-O Nf6 16. Ne5 Qd6 17. Rab1 Ng4 18. Bxg4 fxg4 19. Qg6 1/2-1/2

[Event "C.to Italiano ASCI"]
[Site "Senigallia ITA"]
[Date "2013.07.29"]
[Round "3"]
[White "Manneschi, Fabrizio"]
[Black "Zavan, Fabrizio"]
[WhiteElo "1320"]
[BlackElo "1515"]
[Result "0-1"]
[PlyCount "53"]
[EventDate "2013.07.27"]

1. e4 c6 2. Nc3 d5 3. d4 dxe4 4. Nxe4 Bf5 5. Ng3 Bg6 6. Nf3 Nd7 7. Bd3 Ngf6 8.
O-O e6 9. Re1 Bd6 10. Nh1 Qc7 11. Bd2 Bxd3 12. cxd3 O-O-O 13. Ng3 h5 14. Bg5
Bf4 15. Bh4 Rdg8 16. Qa4 a6 17. Ne2 g5 18. g3 gxh4 19. Nxf4 hxg3 20. Ng2 gxf2+
21. Kxf2 Ng4+ 22. Ke2 Nxh2 23. Rf1 Rxg2+ 24. Rf2 Rxf2+ 25. Kxf2 Nxf3 26. d5
Nfe5 27. Qf4 0-1

[Event "C.to Italiano ASCI"]
[Site "Senigallia ITA"]
[Date "2013.07.29"]
[Round "3"]
[White "Murgia, Stefano"]
[Black "Marino', Giuseppe"]
[WhiteElo "1729"]
[BlackElo "1415"]
[Result "0-1"]
[PlyCount "65"]
[EventDate "2013.07.27"]

1. e4 e5 2. d4 d6 3. Nc3 exd4 4. Qxd4 Nc6 5. Qe3 Nb4 6. Qe2 Nf6 7. Bd2 Nxc2+ 8.
Kd1 Nxa1 9. f3 Be6 10. g4 Qd7 11. Be3 Bxa2 12. Ke1 d5 13. Nxa2 Bb4+ 14. Nxb4
dxe4 15. g5 Nd5 16. Bh3 Qd6 17. Nxd5 Qxd5 18. Kf2 O-O 19. Bg2 exf3 20. Nxf3 Nb3
21. Qc2 c6 22. Nd2 Nd4 23. Qd3 Qf5+ 24. Qxf5 Nxf5 25. Bf4 f6 26. gxf6 Rxf6 27.
Ne4 Re6 28. Nc5 Re7 29. Rd1 h6 30. h3 g5 31. Bc1 Nh4 32. Be4 Re5 33. Nd7 $138
0-1

[Event "C.to Italiano ASCI"]
[Site "Senigallia ITA"]
[Date "2013.07.30"]
[Round "4"]
[White "Fratini, Mauro"]
[Black "Vrioni, Bersan"]
[WhiteElo "1907"]
[BlackElo "1848"]
[Result "0-1"]
[PlyCount "102"]
[EventDate "2013.07.27"]

1. d4 e6 2. Bf4 g5 3. Be5 f6 4. Bg3 h5 5. h3 Ne7 6. e4 b6 7. Be2 Ng6 8. Bxh5
Kf7 9. h4 Kg7 10. hxg5 fxg5 11. Nh3 Be7 12. O-O Bb7 13. Bxg6 Kxg6 14. Qd3 Na6
15. c3 c5 16. a3 Qg8 17. Nd2 Rf8 18. Nf3 Kf7 19. Ne5+ Ke8 20. Ng4 Qg6 21. f3
Kd8 22. Rfd1 Kc8 23. b4 d5 24. exd5 Qxd3 25. Rxd3 Bxd5 26. Re1 Nc7 27. Nhf2 c4
28. Rde3 Nb5 29. a4 Nxc3 30. Ne5 Nxa4 31. b5 Bd6 32. Ra1 Nb2 33. Rxa7 Bb8 34.
Ra6 Kb7 35. Nfg4 Nd3 36. Nxd3 Bxg3 37. Nde5 Ra8 38. Rea3 Rxa6 39. bxa6+ Ka7 40.
Nf7 Rc8 41. Ne3 c3 42. Nc2 b5 43. Nxg5 Bd6 44. Ra1 b4 45. Ne4 Bxe4 46. fxe4 b3
47. e5 Be7 48. Rb1 bxc2 49. Rc1 Kxa6 50. Kf1 Kb5 51. Ke2 Kc4 0-1

[Event "C.to Italiano ASCI"]
[Site "Senigallia ITA"]
[Date "2013.07.30"]
[Round "4"]
[White "Manneschi, Fabrizio"]
[Black "Murgia, Stefano"]
[WhiteElo "1320"]
[BlackElo "1729"]
[Result "0-1"]
[PlyCount "66"]
[EventDate "2013.07.27"]

1. e4 d6 2. Nc3 g6 3. d4 Bg7 4. Nf3 Nf6 5. Bd3 Nbd7 6. Be3 O-O 7. O-O c5 8. e5
Ng4 9. Bf4 dxe5 10. dxe5 Ngxe5 11. Bxe5 Nxe5 12. Qe2 Nxd3 13. cxd3 b6 14. Rfd1
Bb7 15. Rd2 e6 16. Rad1 Bh6 17. Rc2 Qf6 18. Ne4 Qe7 19. d4 cxd4 20. Ne5 Bg7 21.
f4 Rac8 22. Rxd4 Rxc2 23. Qxc2 Rc8 24. Qd2 Bxe4 25. Rd7 Qc5+ 26. Rd4 Bxe5 27.
fxe5 Rd8 28. Qe3 Rxd4 29. h3 Rd1+ 30. Kf2 Rd2+ 31. Kg3 Qxe3+ 32. Kg4 Rxg2+ 33.
Kh4 Qh6# 0-1

[Event "C.to Italiano ASCI"]
[Site "Senigallia ITA"]
[Date "2013.07.30"]
[Round "4"]
[White "Marino', Giuseppe"]
[Black "Gasperoni, Claudio"]
[WhiteElo "1415"]
[BlackElo "1856"]
[Result "0-1"]
[PlyCount "50"]
[EventDate "2013.07.27"]

1. e4 e5 2. Nf3 Nc6 3. Bb5 Nf6 4. d3 d6 5. Bg5 Be7 6. Bxc6+ bxc6 7. Bxf6 Bxf6
8. h3 Bb7 9. O-O O-O 10. Nc3 d5 11. exd5 cxd5 12. Re1 Re8 13. d4 exd4 14. Rxe8+
Qxe8 15. Nxd4 c5 16. Nf5 Qc6 17. Qg4 g6 18. Nxd5 Qxd5 19. Ne7+ Bxe7 20. Rd1 Qe5
21. Re1 Qxe1+ 22. Kh2 Bd6+ 23. f4 Qf1 24. Qg3 Bxf4 25. Qxf4 Qxg2# 0-1

[Event "C.to Italiano ASCI"]
[Site "Senigallia ITA"]
[Date "2013.07.30"]
[Round "4"]
[White "Poli, Diego"]
[Black "Badano, Giancarlo"]
[WhiteElo "1722"]
[BlackElo "1935"]
[Result "0-1"]
[PlyCount "78"]
[EventDate "2013.07.27"]

1. d4 e6 2. Nf3 b6 3. Bf4 Bb7 4. Nbd2 Nf6 5. e3 Be7 6. h3 O-O 7. c3 d5 8. g4
Nbd7 9. Bd3 c5 10. Rc1 Rc8 11. Ke2 Ne4 12. Qg1 f6 13. Qh2 Re8 14. h4 Nf8 15. h5
Qd7 16. Rcg1 cxd4 17. cxd4 Qa4 18. g5 f5 19. g6 h6 20. Rd1 Ba6 21. Ne5 Rc2 22.
f3 Nxd2 23. Rxd2 Rxd2+ 24. Kxd2 Bb4+ 25. Ke2 Qc2+ 26. Kf1 Bxd3+ 27. Nxd3 Qxd3+
28. Qe2 Qxe2+ 29. Kxe2 Rc8 30. Kd3 Nd7 31. e4 fxe4+ 32. fxe4 Nf6 33. e5 Ne4 34.
Rc1 Rxc1 35. Bxc1 Ng3 36. a3 Be7 37. b4 Nxh5 38. Ke2 Ng3+ 39. Kf3 Nf5 0-1

[Event "C.to Italiano ASCI"]
[Site "Senigallia ITA"]
[Date "2013.07.30"]
[Round "4"]
[White "Pugliese, Giuseppe"]
[Black "Melle, Ezio"]
[WhiteElo "1757"]
[BlackElo "1797"]
[Result "0-1"]
[PlyCount "52"]
[EventDate "2013.07.27"]

1. e4 c5 2. Nf3 d6 3. d4 cxd4 4. Nxd4 Nf6 5. Nc3 g6 6. Be2 Bg7 7. O-O O-O 8.
Be3 Bd7 9. Qd2 Re8 10. Kh1 Nc6 11. f4 Nxd4 12. Bxd4 Bc6 13. Bf3 e5 14. fxe5
dxe5 15. Be3 Qa5 16. Qf2 Qb4 17. Qh4 Qxb2 18. Nd5 Bxd5 19. exd5 e4 20. Rab1
Qxc2 21. Bg4 Qd3 22. Bh6 Nxg4 23. Bxg7 e3 24. Qxg4 e2 25. Qf4 f5 26. Bh6 Qxb1
0-1

[Event "C.to Italiano ASCI"]
[Site "Senigallia ITA"]
[Date "2013.07.30"]
[Round "4"]
[White "Zavan, Fabrizio"]
[Black "Avanzi, Gioni"]
[WhiteElo "1515"]
[BlackElo "1621"]
[Result "0-1"]
[PlyCount "94"]
[EventDate "2013.07.27"]

1. e4 c5 2. Nf3 Nc6 3. d4 cxd4 4. Nxd4 g6 5. Nc3 Bg7 6. Be3 a6 7. Be2 d6 8. Qd2
Nf6 9. O-O O-O 10. f3 Bd7 11. Nxc6 Bxc6 12. Rad1 Qa5 13. a3 b5 14. Nd5 Qd8 15.
Nxf6+ Bxf6 16. c3 Qc7 17. Bg5 Bg7 18. Bh6 Rad8 19. Bxg7 Kxg7 20. Qd4+ e5 21.
Qe3 d5 22. exd5 Rxd5 23. Rxd5 Bxd5 24. Re1 f6 25. Bd3 Rf7 26. Rd1 Bc6 27. Be4
Bxe4 28. Qxe4 Rd7 29. Rxd7+ Qxd7 30. Qe2 Qd5 31. h4 h6 32. Qc2 f5 33. b3 Qc5+
34. Kf1 Qxa3 35. c4 Qc5 36. h5 bxc4 37. bxc4 a5 38. hxg6 Kxg6 39. Qa4 Kg5 40.
Ke2 Qd4 41. Qb5 e4 42. c5 exf3+ 43. gxf3 Qe5+ 44. Kf2 a4 45. Qxa4 Qxc5+ 46. Kg2
Qd6 47. Kh3 Qf4 0-1

[Event "C.to Italiano ASCI"]
[Site "Senigallia ITA"]
[Date "2013.07.31"]
[Round "5"]
[White "Badano, Giancarlo"]
[Black "Fratini, Mauro"]
[WhiteElo "1935"]
[BlackElo "1907"]
[Result "1-0"]
[PlyCount "120"]
[EventDate "2013.07.27"]

1. e4 Nf6 2. e5 Nd5 3. d4 d6 4. c4 Nb6 5. f4 dxe5 6. fxe5 Bf5 7. Nf3 e6 8. Nc3
Bb4 9. a3 Bxc3+ 10. bxc3 c5 11. Be3 cxd4 12. cxd4 Nc6 13. Bd3 Ne7 14. O-O O-O
15. Rf2 Rc8 16. Rc2 Qd7 17. Rc3 Nbd5 18. Bd2 Nxc3 19. Bxc3 Rfd8 20. Bb4 Bxd3
21. Qxd3 b6 22. Bd6 Nf5 23. Ng5 h6 24. Ne4 Qa4 25. Rc1 Nxd6 26. Nxd6 Rc7 27. h4
Qd7 28. Rf1 Qc6 29. Qg3 Rxd6 30. exd6 Rd7 31. Rc1 Qxd6 32. Qxd6 Rxd6 33. Rd1
Kf8 34. Kf2 Ke7 35. Ke3 f5 36. Rb1 g5 37. hxg5 hxg5 38. Rh1 Kf6 39. Rh7 a5 40.
a4 Rc6 41. Kd3 Kg6 42. Rh8 f4 43. g4 fxg3 44. Rh3 g4 45. Rxg3 Kg5 46. Rg1 Kf4
47. Rf1+ Kg3 48. Rf6 Rc8 49. Rxe6 Rf8 50. d5 Kg2 51. Rxb6 g3 52. Rg6 Kf2 53.
Kd4 Rf4+ 54. Kc5 g2 55. d6 Rf3 56. Rxg2+ Kxg2 57. d7 Rd3 58. Kc6 Kf3 59. c5 Ke4
60. Kc7 Ke5 1-0

[Event "C.to Italiano ASCI"]
[Site "Senigallia ITA"]
[Date "2013.07.31"]
[Round "5"]
[White "Battaglia, Gabriele"]
[Black "Pugliese, Giuseppe"]
[WhiteElo "1293"]
[BlackElo "1757"]
[Result "0-1"]
[PlyCount "80"]
[EventDate "2013.07.27"]

1. d4 Nf6 2. Nf3 c5 3. c3 cxd4 4. cxd4 d5 5. e3 a6 6. Bd3 e6 7. a3 Be7 8. Ne5
Nfd7 9. Nxd7 Nxd7 10. O-O O-O 11. Nd2 b5 12. b4 Bb7 13. Bb2 Nb6 14. Bc2 Nc4 15.
Nxc4 dxc4 16. Bc3 f5 17. f4 Bd5 18. Qe2 Rf6 19. e4 fxe4 20. Bxe4 Qd7 21. Bxd5
exd5 22. Rae1 Kf8 23. Rf3 Bd6 24. Ref1 Re8 25. Qc2 Re4 26. f5 Kg8 27. Re1 Rxe1+
28. Bxe1 Rf8 29. Qf2 Be7 30. Bd2 Re8 31. h4 Qd8 32. g3 Bf6 33. Bf4 Re4 34. Re3
Bxd4 35. Bg5 Qe8 36. Qe2 Bxe3+ 37. Bxe3 Rxe3 38. Qf2 Re1+ 39. Kg2 Re2 40. Qxe2
Qxe2+ 0-1

[Event "C.to Italiano ASCI"]
[Site "Senigallia ITA"]
[Date "2013.07.31"]
[Round "5"]
[White "Marino', Giuseppe"]
[Black "Zavan, Fabrizio"]
[WhiteElo "1415"]
[BlackElo "1515"]
[Result "0-1"]
[PlyCount "78"]
[EventDate "2013.07.27"]

1. e4 c6 2. Bc4 d5 3. exd5 cxd5 4. Bb5+ Nc6 5. d4 Nf6 6. h3 e6 7. Bg5 Be7 8.
Bxf6 Bxf6 9. Nf3 O-O 10. Bxc6 bxc6 11. O-O c5 12. Re1 Rb8 13. b3 a5 14. Nc3 Ba6
15. Na4 cxd4 16. Nxd4 Qc7 17. c4 dxc4 18. Rc1 Rfd8 19. Re4 e5 20. Nb2 Rxd4 21.
Rxd4 exd4 22. Nxc4 Bxc4 23. Rxc4 Qd8 24. g3 Rc8 25. Rxc8 Qxc8 26. Qe1 Qd8 27.
a4 d3 28. b4 axb4 29. a5 d2 30. Qd1 Bc3 31. a6 Qa5 32. Kf1 Qa1 33. Ke2 Qxa6+
34. Kf3 Qe6 35. Kg2 Qe1 36. Qa4 g6 37. Qa8+ Kg7 38. h4 d1=Q 39. Qb8 Qh1# 0-1

[Event "C.to Italiano ASCI"]
[Site "Senigallia ITA"]
[Date "2013.07.31"]
[Round "5"]
[White "Murgia, Stefano"]
[Black "Peroni, Silvia"]
[WhiteElo "1729"]
[BlackElo "1434"]
[Result "1-0"]
[PlyCount "73"]
[EventDate "2013.07.27"]

1. e4 e5 2. Nf3 d6 3. d4 Nc6 4. d5 Nce7 5. c4 Bg4 6. Be2 Qd7 7. Nc3 O-O-O 8. h3
Bh5 9. Be3 Ng6 10. g4 Nf4 11. gxh5 Ng2+ 12. Kd2 Be7 13. Nxe5 dxe5 14. Bg4 Nxe3
15. Bxd7+ Rxd7 16. fxe3 Nf6 17. b4 Bxb4 18. Kd3 c6 19. Qb3 c5 20. Na4 Rc7 21.
Rhb1 Nd7 22. a3 Kd8 23. axb4 b5 24. Nxc5 Nb6 25. cxb5 f5 26. Ne6+ Kd7 27. Nxc7
fxe4+ 28. Kxe4 Kxc7 29. Rxa7+ Kd6 30. Ra6 Rb8 31. Qc4 Kd7 32. Qc6+ Kd8 33. Rxb6
Rc8 34. Qd6+ Ke8 35. Rb7 Rc4+ 36. Kd3 Rh4 37. Qe7# 1-0

[Event "C.to Italiano ASCI"]
[Site "Senigallia ITA"]
[Date "2013.07.31"]
[Round "5"]
[White "Vrioni, Bersan"]
[Black "Gasperoni, Claudio"]
[WhiteElo "1848"]
[BlackElo "1856"]
[Result "1-0"]
[PlyCount "43"]
[EventDate "2013.07.27"]

1. e4 e5 2. Nf3 Nc6 3. d4 exd4 4. Nxd4 Bc5 5. Be3 Qf6 6. c3 Nge7 7. Bc4 Ne5 8.
Bb3 d6 9. f3 O-O 10. O-O N7g6 11. Qd2 h6 12. Na3 Nh4 13. Nac2 Bb6 14. Ne1 a6
15. Rd1 Bd7 16. Bd5 Bc6 17. Nxc6 Bxe3+ 18. Qxe3 bxc6 19. Bb3 Qg5 20. f4 Ng4 21.
Qg3 Qc5+ 22. Rd4 1-0

[Event "C.to Italiano ASCI"]
[Site "Senigallia ITA"]
[Date "2013.08.01"]
[Round "6"]
[White "Avanzi, Gioni"]
[Black "Vrioni, Bersan"]
[WhiteElo "1621"]
[BlackElo "1848"]
[Result "0-1"]
[PlyCount "90"]
[EventDate "2013.07.27"]

1. d4 e6 2. Nf3 Nf6 3. Bf4 c5 4. c3 Qb6 5. Qc2 d5 6. e3 Bd7 7. Nbd2 Bb5 8.
Bxb5+ Qxb5 9. Rb1 Nc6 10. Ne5 Rc8 11. Nxc6 Rxc6 12. f3 Be7 13. Kf2 Qb6 14. Rhe1
cxd4 15. exd4 Qxd4+ 16. Be3 Qh4+ 17. Kg1 a6 18. Nb3 Qa4 19. Nd4 Qxc2 20. Nxc2
O-O 21. Red1 Rfc8 22. Nd4 Rc4 23. Nb3 Bd8 24. Rd4 a5 25. Rbd1 a4 26. Rxc4 Rxc4
27. Nd4 a3 28. Bc1 axb2 29. Bxb2 Bb6 30. Kf1 Ra4 31. Ra1 Bc7 32. h3 Ra6 33. Nb5
Be5 34. Nd4 Ne8 35. Ke2 Nd6 36. Bc1 h6 37. f4 Bf6 38. Kd3 Ne4 39. Ne2 Nc5+ 40.
Kc2 b5 41. Bb2 Na4 42. Kb3 Nxb2 43. Kxb2 b4 44. Kc2 bxc3 45. Nxc3 Rc6 0-1